Skyrim Quiz Part I - Statistics

General Stats
  • This quiz has been taken 107 times
  • The average score is 6 of 15
Answer Stats
Hint Answer % Correct
4. Name of the village the player arrives at after escaping Helgen. Riverwood
77%
5. The race Skyrim is primarily inhabited by. The Nords
75%
6. The first dragon shout learned by the player. Unrelenting Force/Fus Ro Dah
73%
8. Name of the Jarl's palace in Whiterun. Dragonsreach
57%
1.Name of the studio which developed the game. Bethesda Softworks
46%
2. Name of the protagonist. The Last Dragonborn/Dovahkiin
44%
14. The daedric artifact the player receives after the completion of the quest "The Mind Of Madness". The Wabbajack/Wabbajack
42%
9. The only khajiit studying at the college of Winterhold. J'zargo
35%
13. The dragon god of time. Akatosh
31%
7. Name of the Jarl of Whiterun. Jarl Balgruuf
30%
3.Name of the antagonist. Alduin The World Eater
28%
12. The daedric prince of destruction,revolution,ambition and change. Mehrunes Dagon
27%
11.The axe wielded by the Nord hero Ysgramor. The Wuuthrad/Wuuthrad
25%
10. The founder and first archmage of the college of Winterhold. Shalidor
11%
15. The official public manifesto of the khajiiti criminal organization 'Renrijra Krin'. Ahzirr Traajijazeri
4%
No matching quizzes found
Score Distribution
Percent of People with Each Score
Percentile by Number Answered
Your Score History
You have not taken this quiz